000
00335nam a2200145Ia 4500
008
150201s2011 xx 000 0 und d
082
_a
150
_b
C11B
100
_a
BHUVANESWARI, K.
245
_a
CHILD & ADOLESCENT PSYCHOLOGY
250
_a
1ST
260
_b
CBS
_a
DELHI
_c
2011
300
_a
332
650
_a
PSYCHOLOGY
942
_2
ddc
_c
BK
999
_c
2333
_d
2333